00883nam a2200229Ia 4500003000900000008004100009020002200050040001600072080002300088245011900111260003700230300001500267490005100282650002400333650003700357650003700394650002800431700002900459942000700488999001700495952014100512IN-BaIIA211028s9999 xx 000 0 eng d a978-1-4020-1178-8 cIIA Library a52(082.1)bASS-285 0aInformation handling in astronomybhistorical vistascedited by Andre Heck  aDordrechtbKluwer Academicc2003 axii, 294p. aAstrophysics and space science library; v. 285 aAmateur data928637 aAstronomical publications928638 aAstronomy digital library928639 aOptical astronomy94227 aHeck, Andre., ed.917833 cBK c15521d15521 00104070aBANbBANcGENd2003-11-29eSH g6487.88l0o52(082.1)/ ASS-285p16443r2021-11-05v6487.88w2003-11-29yBKGRs. 6487.88